Maiores cidades por estado - Statistics

Estatísticas Gerais
  • Esse quiz foi jogado 43 vezes
  • A pontuação média é 21 de 26
Estatísticas das Respostas
Hint Resposta % Correto
RiodeJaneiro Rio de Janeiro
100%
Goias Goiânia
91%
MinasGerais Belo Horizonte
88%
Parana Curitiba
88%
Bahia Salvador
88%
SaoPaulo SaoPaulo
88%
Para Belém
85%
Amazonas Manaus
85%
Tocantins Palmas
85%
RioGrandedoSul Porto Alegre
85%
Acre Rio Branco
85%
Ceara Fortaleza
82%
Amapa Macapá
82%
MatoGrossodoSul Campo Grande
79%
Paraiba João Pessoa
79%
Rondonia Porto Velho
79%
Maranhao São Luís
79%
Piaui Teresina
79%
MatoGrosso Cuiabá
76%
Alagoas Maceió
76%
RioGrandedoNorte Natal
76%
Pernambuco Recife
76%
Sergipe Aracaju
74%
Roraima Boa Vista
68%
SantaCatarina Joinville
65%
EspritoSanto Vila Velha
56%
Nenhum quiz correspondente encontrado
Distribuição das Pontuações
Porcentagem de Pessoas com Cada Pontuação
Percentil de Números Respondidos
Sua Pontuação Histórica
Você não jogou esse quiz